KOHA-Header-6

Classics of Public Administration (Record no. 13675)

000 -LEADER
fixed length control field 00327nam a22001337a 4500
020 ## - INTERNATIONAL STANDARD BOOK NUMBER
ISBN 9781305639034
082 ## - DEWEY DECIMAL CLASSIFICATION NUMBER
Classification number 350
100 ## - MAIN ENTRY--AUTHOR NAME
Personal name Jay M. Shafritz ; Albert C. Hyde
245 ## - TITLE STATEMENT
Title Classics of Public Administration
250 ## - EDITION STATEMENT
Edition statement Eighth Edition
260 ## - PUBLICATION, DISTRIBUTION, ETC. (IMPRINT)
Place of publication USA
Name of publisher Cengage Learning
Year of publication 2017
300 ## - PHYSICAL DESCRIPTION
Number of Pages x, 627 pages
942 ## - ADDED ENTRY ELEMENTS (KOHA)
Koha item type Books
Holdings
Withdrawn status Lost status Collection code Permanent Location Current Location Shelving location Date acquired Full call number Accession Number Koha item type
    Management MAJU MAJU Shelf No.A-8 2023-01-13 350 10764 Books

Powered by Koha